[Event "18. Obert Int. Sant Marti 2016"]
[Site "Barcelona ESP"]
[Date "2016.07.16"]
[Round "4.51"]
[White "Garcia Marin, Guillem"]
[Black "Magallanes, Gustavo"]
[Result "1/2-1/2"]
[WhiteElo "2116"]
[BlackElo "1989"]
[PlyCount "140"]
[EventDate "2016.07.13"]
[EventType "swiss"]
[EventRounds "9"]
[EventCountry "ESP"]
[SourceTitle "Ajedrez en Madrid"]
[Source "lmi"]
[SourceDate "2016.07.13"]
[SourceVersion "1"]
[SourceVersionDate "2019.06.21"]
[SourceQuality "1"]

1. e4 c5 2. Nf3 e6 3. b3 Nc6 4. Bb2 d5 5. Bb5 Nge7 6. exd5 exd5 7. Qe2 Be6 8.
Ng5 Qd7 9. O-O Bg4 10. Bxc6 bxc6 11. Qe3 f6 12. Nf3 Kf7 13. h3 Bxf3 14. Qxf3
Nf5 15. d3 Nd4 16. Bxd4 cxd4 17. Qh5+ g6 18. Qh4 Bd6 19. Nd2 Rae8 20. Nf3 c5
21. Rfe1 Kg7 22. Qg4 Qxg4 23. hxg4 a5 24. a4 Kf7 25. Rxe8 Rxe8 26. Re1 Rb8 27.
Rb1 Ke6 28. g3 Bf8 29. Kg2 Rb4 30. Rh1 Rb7 31. g5 Bd6 32. Re1+ Kf7 33. gxf6
Kxf6 34. Re8 Re7 35. Rd8 Re6 36. Kf1 h6 37. Rd7 Kf5 38. Nh4+ Kf6 39. Ra7 g5 40.
Nf3 h5 41. Rh7 Kg6 42. Rd7 Kf5 43. Kg2 Kf6 44. Ng1 g4 45. Kf1 Kg5 46. Ne2 h4
47. gxh4+ Kxh4 48. Rh7+ Kg5 49. Ra7 Rf6 50. Ke1 Re6 51. Kf1 Rf6 52. Rd7 g3 53.
Nxg3 Bxg3 54. Rg7+ Kf4 55. Rxg3 c4 56. Rh3 cxb3 57. cxb3 Rb6 58. Rh5 Rxb3 59.
Rxd5 Kf3 60. Rf5+ Kg4 61. Rxa5 Rxd3 62. Ke2 Ra3 63. Ra8 Kf4 64. a5 Ke4 65. a6
Ra2+ 66. Ke1 Kd3 67. f4 Ke3 68. Kd1 d3 69. Re8+ Kxf4 70. Rf8+ Ke3 1/2-1/2

[Event "18. Obert Int. Sant Marti 2016"]
[Site "Barcelona ESP"]
[Date "2016.07.16"]
[Round "4.52"]
[White "Martin Perez, Laura"]
[Black "Adeimi, Michel"]
[Result "0-1"]
[WhiteElo "2104"]
[BlackElo "1963"]
[PlyCount "72"]
[EventDate "2016.07.13"]
[EventType "swiss"]
[EventRounds "9"]
[EventCountry "ESP"]
[SourceTitle "Ajedrez en Madrid"]
[Source "lmi"]
[SourceDate "2016.07.13"]
[SourceVersion "1"]
[SourceVersionDate "2019.06.21"]
[SourceQuality "1"]

1. e4 c5 2. Nf3 e6 3. d4 cxd4 4. Nxd4 Nf6 5. Nc3 Nc6 6. Ndb5 Bc5 7. Bf4 O-O 8.
Qd2 a6 9. Bd6 axb5 10. Bxc5 b4 11. Bxf8 bxc3 12. Qxc3 Qxf8 13. Bd3 Ra4 14. f3
d5 15. O-O dxe4 16. Bb5 Nd5 17. Qe1 Qc5+ 18. Kh1 Qxb5 19. b3 Rd4 20. c4 Qc5 21.
cxd5 exd5 22. Rc1 Qe7 23. fxe4 dxe4 24. Qe3 Rd3 25. Qe2 f5 26. Rfd1 Rxd1+ 27.
Rxd1 h6 28. Qe3 Qe5 29. Re1 Be6 30. h3 Bd5 31. Rf1 g5 32. Qb6 e3 33. Qxb7 e2
34. Qc8+ Kg7 35. Qd7+ Ne7 36. Re1 Qe4 0-1

[Event "18. Obert Int. Sant Marti 2016"]
[Site "Barcelona ESP"]
[Date "2016.07.16"]
[Round "4.53"]
[White "Ginesta Caballero, Olga Lucia"]
[Black "Vargas Drechsler, Carlos"]
[Result "1-0"]
[WhiteElo "2088"]
[BlackElo "1943"]
[PlyCount "179"]
[EventDate "2016.07.13"]
[EventType "swiss"]
[EventRounds "9"]
[EventCountry "ESP"]
[SourceTitle "Ajedrez en Madrid"]
[Source "lmi"]
[SourceDate "2016.07.13"]
[SourceVersion "1"]
[SourceVersionDate "2019.06.21"]
[SourceQuality "1"]

1. c4 e6 2. g3 d5 3. Bg2 Nf6 4. Nf3 c6 5. b3 Nbd7 6. O-O Be7 7. Bb2 O-O 8. d3
b6 9. Nbd2 Bb7 10. Rc1 c5 11. cxd5 exd5 12. d4 Rc8 13. Bh3 Rc7 14. dxc5 bxc5
15. Bc3 Qa8 16. Ne5 Nxe5 17. Bxe5 Rc6 18. Qc2 Rd8 19. Qb2 Ne8 20. Rfd1 Rh6 21.
Bg4 a5 22. Qa3 Ra6 23. Bd4 a4 24. Bxc5 axb3 25. Qxb3 Bxc5 26. Rxc5 Rxa2 27. Bf3
Ra3 28. Qb4 Ra4 29. Qb2 Ra2 30. Qb1 Rb8 31. Rb5 Nd6 32. Rb6 Ra6 33. Rc1 Rxb6
34. Qxb6 Nc4 35. Nxc4 dxc4 36. Bxb7 Qxb7 37. Qxb7 Rxb7 38. Rxc4 h5 39. Kg2 g6
40. Kf3 Kg7 41. h4 Rb3+ 42. Kf4 Rb7 43. f3 Rb2 44. e4 Rb3 45. Rd4 Rb7 46. Rd3
Re7 47. Ke3 Ra7 48. Kd4 Rd7+ 49. Kc4 Rc7+ 50. Kd4 Rd7+ 51. Ke3 Ra7 52. f4 Kf6
53. Rd6+ Ke7 54. Rd3 Ke6 55. Rb3 Rc7 56. Rb6+ Ke7 57. Kd4 Ra7 58. Rc6 Ra3 59.
Rc3 Ra7 60. Kd5 Ra5+ 61. Kc4 Ra4+ 62. Kd3 Ra7 63. Ke2 Kd6 64. Rd3+ Ke6 65. Rb3
Kd6 66. Kf3 Ke7 67. g4 hxg4+ 68. Kxg4 Ra1 69. Rb7+ Kf6 70. Rb3 Kg7 71. e5 Rg1+
72. Rg3 Ra1 73. h5 gxh5+ 74. Kxh5+ Kf8 75. Kg5 Ke7 76. Rb3 Rg1+ 77. Kf5 Rf1 78.
Rb7+ Kf8 79. Ra7 Kg8 80. Kg5 Rg1+ 81. Kf6 Rg6+ 82. Ke7 Re6+ 83. Kd7 Kg7 84. Ra5
Kg6 85. Rd5 Kf5 86. Rd6 Rg6 87. Rxg6 Kxg6 88. Ke7 Kg7 89. f5 Kg8 90. f6 1-0

[Event "18. Obert Int. Sant Marti 2016"]
[Site "Barcelona ESP"]
[Date "2016.07.16"]
[Round "4.54"]
[White "Dahale, Atul"]
[Black "Vives Bellber, Tomas"]
[Result "1-0"]
[WhiteElo "2079"]
[BlackElo "1898"]
[PlyCount "85"]
[EventDate "2016.07.13"]
[EventType "swiss"]
[EventRounds "9"]
[EventCountry "ESP"]
[SourceTitle "Ajedrez en Madrid"]
[Source "lmi"]
[SourceDate "2016.07.13"]
[SourceVersion "1"]
[SourceVersionDate "2019.06.21"]
[SourceQuality "1"]

1. d4 Nf6 2. c4 g6 3. Nc3 Bg7 4. e4 d6 5. Nf3 O-O 6. h3 e5 7. d5 Nbd7 8. Be3
Nc5 9. Nd2 a5 10. g4 c6 11. Qc2 Bd7 12. Be2 cxd5 13. cxd5 Qc7 14. Rc1 b6 15.
O-O Ne8 16. Bb5 f5 17. f3 h5 18. Bxd7 Qxd7 19. Nc4 Rb8 20. gxf5 gxf5 21. Kh2 f4
22. Bf2 Kh7 23. a3 a4 24. Bxc5 dxc5 25. Qxa4 Qe7 26. Qc2 Bf6 27. Rg1 Bh4 28.
Ne2 Qf6 29. Rcf1 Nc7 30. a4 Na6 31. Rg2 Nb4 32. Qd2 Rg8 33. Rfg1 Rxg2+ 34. Rxg2
Ra8 35. a5 Rg8 36. Rxg8 Kxg8 37. Qd1 Kf8 38. Qa4 Bg3+ 39. Kh1 Qh4 40. Qd7 Nd3
41. Qd6+ Kg8 42. Qe6+ Kh8 43. Nxe5 1-0

[Event "18. Obert Int. Sant Marti 2016"]
[Site "Barcelona ESP"]
[Date "2016.07.16"]
[Round "4.55"]
[White "Kakumanu, Kautil"]
[Black "Jove Grau, Lluis"]
[Result "0-1"]
[WhiteElo "1956"]
[BlackElo "2077"]
[PlyCount "72"]
[EventDate "2016.07.13"]
[EventType "swiss"]
[EventRounds "9"]
[EventCountry "ESP"]
[SourceTitle "Ajedrez en Madrid"]
[Source "lmi"]
[SourceDate "2016.07.13"]
[SourceVersion "1"]
[SourceVersionDate "2019.06.21"]
[SourceQuality "1"]

1. e4 e6 2. d4 d5 3. Nd2 c5 4. exd5 Qxd5 5. dxc5 Bxc5 6. Ngf3 Nf6 7. Bc4 Qh5 8.
O-O Nc6 9. Qe2 O-O 10. Ne4 Nxe4 11. Qxe4 e5 12. a3 Bf5 13. Qd5 Bb6 14. Nxe5 Be6
15. Nxc6 Bxd5 16. Ne7+ Kh8 17. Nxd5 Bc5 18. Bf4 Rad8 19. Nc3 Rfe8 20. Rae1 Rxe1
21. Rxe1 Bxf2+ 22. Kxf2 Qc5+ 23. Be3 Qxc4 24. Re2 h5 25. h3 Rd6 26. Bxa7 Qf4+
27. Kg1 Qc1+ 28. Kh2 Re6 29. Rf2 Qxb2 30. Bd4 Qxa3 31. Nb5 Qc1 32. Rxf7 Re1 33.
Bc3 Rh1+ 34. Kg3 Qg5+ 35. Kf2 Qxb5 36. Rxg7 Qc5+ 0-1

[Event "18. Obert Int. Sant Marti 2016"]
[Site "Barcelona ESP"]
[Date "2016.07.16"]
[Round "4.56"]
[White "Prieto, Ernesto"]
[Black "Varela Cuadrado, Cesar"]
[Result "1-0"]
[WhiteElo "2064"]
[BlackElo "1753"]
[PlyCount "75"]
[EventDate "2016.07.13"]
[EventType "swiss"]
[EventRounds "9"]
[EventCountry "ESP"]
[SourceTitle "Ajedrez en Madrid"]
[Source "lmi"]
[SourceDate "2016.07.13"]
[SourceVersion "1"]
[SourceVersionDate "2019.06.21"]
[SourceQuality "1"]

1. e4 d5 2. exd5 Qxd5 3. Nc3 Qa5 4. Bc4 Nf6 5. Nge2 Nc6 6. d4 Bg4 7. f3 Bf5 8.
O-O e6 9. Be3 Qb4 10. Bb3 O-O-O 11. a3 Qd6 12. Qe1 a6 13. Rd1 Be7 14. Bf4 Qd7
15. d5 Bc5+ 16. Kh1 exd5 17. Nxd5 Nxd5 18. Rxd5 Bd6 19. Bxd6 cxd6 20. Nd4 Nxd4
21. Rxd4 Rhe8 22. Qc3+ Kb8 23. g4 Be6 24. Rfd1 Rc8 25. Qd3 Bxb3 26. cxb3 Qc7
27. Rxd6 Qc5 28. Rd4 Qg5 29. Rd7 Rc1 30. Kg2 Rxd1 31. Qxd1 Qf6 32. Qd2 h5 33.
h3 hxg4 34. hxg4 Qh4 35. Rxb7+ Ka8 36. Rxf7 Rd8 37. Qe2 Qh6 38. Qe4+ 1-0

[Event "18. Obert Int. Sant Marti 2016"]
[Site "Barcelona ESP"]
[Date "2016.07.16"]
[Round "4.57"]
[White "Nepveu, Manuel"]
[Black "Masferrer Niubo, Enric"]
[Result "0-1"]
[WhiteElo "1910"]
[BlackElo "2054"]
[PlyCount "74"]
[EventDate "2016.07.13"]
[EventType "swiss"]
[EventRounds "9"]
[EventCountry "ESP"]
[SourceTitle "Ajedrez en Madrid"]
[Source "lmi"]
[SourceDate "2016.07.13"]
[SourceVersion "1"]
[SourceVersionDate "2019.06.21"]
[SourceQuality "1"]

1. c4 g6 2. Nc3 Bg7 3. d4 c5 4. d5 d6 5. e4 Nf6 6. Nf3 O-O 7. Be2 Bg4 8. O-O b5
9. cxb5 a6 10. bxa6 Nxa6 11. Be3 Qb6 12. Qd2 Rfb8 13. Rab1 Qa5 14. h3 Bxf3 15.
Bxf3 Nd7 16. Be2 Nb6 17. Rfc1 Nc7 18. a3 Rb7 19. b4 Qxa3 20. bxc5 dxc5 21. Nb5
Nxb5 22. Bxb5 Na4 23. Bc6 Rxb1 24. Rxb1 Nc3 25. Rc1 Rb8 26. Kh1 Nxe4 27. Qe1
Rb3 28. d6 Ng3+ 29. fxg3 Rxe3 30. dxe7 Rxe7 31. Qxe7 Qxc1+ 32. Kh2 Bd4 33. h4
Qg1+ 34. Kh3 Qh1+ 35. Kg4 h5+ 36. Kf4 Qc1+ 37. Kf3 Qf1+ 0-1

[Event "18. Obert Int. Sant Marti 2016"]
[Site "Barcelona ESP"]
[Date "2016.07.16"]
[Round "4.58"]
[White "Nadal Fajardo, Ricard"]
[Black "Asensio Linan, Teodoro"]
[Result "0-1"]
[WhiteElo "1900"]
[BlackElo "2050"]
[PlyCount "66"]
[EventDate "2016.07.13"]
[EventType "swiss"]
[EventRounds "9"]
[EventCountry "ESP"]
[SourceTitle "Ajedrez en Madrid"]
[Source "lmi"]
[SourceDate "2016.07.13"]
[SourceVersion "1"]
[SourceVersionDate "2019.06.21"]
[SourceQuality "1"]

1. d4 Nf6 2. Nf3 e6 3. g3 b6 4. Bg2 Bb7 5. O-O Be7 6. c4 c5 7. Nc3 cxd4 8. Nxd4
Bxg2 9. Kxg2 O-O 10. b3 Qc7 11. Bb2 Qb7+ 12. Kg1 a6 13. e3 Nc6 14. Qf3 Rac8 15.
Rfd1 Ne8 16. Rd2 Bb4 17. Rad1 d5 18. Nxc6 Rxc6 19. Rd4 Rc7 20. Ne2 Be7 21. cxd5
Bf6 22. R4d2 Bxb2 23. Rxb2 Nf6 24. Nf4 g5 25. Nh5 Nxd5 26. Rxd5 f5 27. Nf6+ Kh8
28. Rbd2 exd5 29. Qxf5 Qc6 30. Qe5 Rxf6 31. Rxd5 h6 32. Rd4 Rcf7 33. Rd8+ Kh7
0-1

[Event "18. Obert Int. Sant Marti 2016"]
[Site "Barcelona ESP"]
[Date "2016.07.16"]
[Round "4.59"]
[White "Ramirez Garcia, Jorge Alberto"]
[Black "Fernandez Aguilar, Francisco"]
[Result "1-0"]
[WhiteElo "2264"]
[BlackElo "2114"]
[PlyCount "73"]
[EventDate "2016.07.13"]
[EventType "swiss"]
[EventRounds "9"]
[EventCountry "ESP"]
[SourceTitle "Ajedrez en Madrid"]
[Source "lmi"]
[SourceDate "2016.07.13"]
[SourceVersion "1"]
[SourceVersionDate "2019.06.21"]
[SourceQuality "1"]

1. c4 Nf6 2. Nc3 g6 3. d4 Bg7 4. e4 d6 5. f4 O-O 6. Nf3 Na6 7. Bd3 Bg4 8. Be3
Nd7 9. O-O e5 10. Be2 Bxf3 11. Bxf3 exd4 12. Bxd4 Bxd4+ 13. Qxd4 Nb4 14. Rad1
Nc6 15. Qd2 Nb6 16. b3 a5 17. Nb5 a4 18. Qf2 axb3 19. axb3 Nd7 20. Qb2 Nc5 21.
e5 Nb4 22. Qc3 Na2 23. Qb2 Nb4 24. Qc3 Na2 25. Qd4 Nxb3 26. Qb2 Nac1 27. exd6
cxd6 28. Nc3 Qf6 29. Rf2 Ra1 30. Ne4 Qd4 31. g3 Qxb2 32. Rxb2 Nd4 33. Kg2 Nxf3
34. Kxf3 Ra3+ 35. Kg2 Nb3 36. Rd3 Nc5 37. Nxc5 1-0

[Event "18. Obert Int. Sant Marti 2016"]
[Site "Barcelona ESP"]
[Date "2016.07.16"]
[Round "4.60"]
[White "Suasnabar, Jesus"]
[Black "Hapala, Elisabeth"]
[Result "0-1"]
[WhiteElo "1982"]
[BlackElo "2222"]
[PlyCount "82"]
[EventDate "2016.07.13"]
[EventType "swiss"]
[EventRounds "9"]
[EventCountry "ESP"]
[SourceTitle "Ajedrez en Madrid"]
[Source "lmi"]
[SourceDate "2016.07.13"]
[SourceVersion "1"]
[SourceVersionDate "2019.06.21"]
[SourceQuality "1"]

1. e4 c5 2. c4 Nc6 3. Ne2 Nf6 4. Nbc3 e5 5. d3 g6 6. Bg5 Bg7 7. Nd5 h6 8. Be3
d6 9. h3 Nd4 10. Nec3 a6 11. Qd2 Nxd5 12. Nxd5 Be6 13. Be2 O-O 14. O-O Kh7 15.
f4 Bxd5 16. exd5 Nf5 17. Rab1 Nxe3 18. Qxe3 exf4 19. Qxf4 Qe7 20. Qe4 Be5 21.
b4 b6 22. bxc5 bxc5 23. Kh1 Rab8 24. Qf3 Kg7 25. Qe4 f5 26. Qf3 Qg5 27. Rfd1 h5
28. a4 Rfe8 29. Bf1 Rxb1 30. Rxb1 Bd4 31. g3 Be5 32. Rb7+ Kh6 33. Kg2 h4 34. g4
Bd4 35. Kh1 Re3 36. Qd1 Qf4 37. Bg2 Be5 38. Kg1 fxg4 39. hxg4 h3 40. Qf1 Qh2+
41. Kf2 Qg3+ 0-1

[Event "18. Obert Int. Sant Marti 2016"]
[Site "Barcelona ESP"]
[Date "2016.07.16"]
[Round "4.61"]
[White "Villar Reymundo, Juan Antonio"]
[Black "Sapale, Saloni"]
[Result "1/2-1/2"]
[WhiteElo "2165"]
[BlackElo "1929"]
[PlyCount "60"]
[EventDate "2016.07.13"]
[EventType "swiss"]
[EventRounds "9"]
[EventCountry "ESP"]
[SourceTitle "Ajedrez en Madrid"]
[Source "lmi"]
[SourceDate "2016.07.13"]
[SourceVersion "1"]
[SourceVersionDate "2019.06.21"]
[SourceQuality "1"]

1. Nf3 Nf6 2. c4 c6 3. Nc3 d5 4. d4 dxc4 5. a4 Bf5 6. Ne5 Nbd7 7. Nxc4 Nb6 8.
Ne5 a5 9. g3 Nfd7 10. Nd3 Bxd3 11. Qxd3 e5 12. Be3 Bd6 13. Bg2 O-O 14. O-O exd4
15. Bxd4 Nc5 16. Qc2 Ne6 17. Rfd1 Nxd4 18. Rxd4 Qc7 19. Rad1 Be5 20. R4d3 g6
21. b3 Rad8 22. Bf3 Rxd3 23. Qxd3 Bf6 24. Ne4 Be7 25. Qc3 Nd7 26. h4 Ne5 27.
Bg2 Rd8 28. Rd4 Rxd4 29. Qxd4 f5 30. Nd2 Qd6 1/2-1/2

[Event "18. Obert Int. Sant Marti 2016"]
[Site "Barcelona ESP"]
[Date "2016.07.16"]
[Round "4.62"]
[White "Fabregas Fontanet, Antonio"]
[Black "Tahay, Alexis"]
[Result "0-1"]
[WhiteElo "1969"]
[BlackElo "2119"]
[PlyCount "92"]
[EventDate "2016.07.13"]
[EventType "swiss"]
[EventRounds "9"]
[EventCountry "ESP"]
[SourceTitle "Ajedrez en Madrid"]
[Source "lmi"]
[SourceDate "2016.07.13"]
[SourceVersion "1"]
[SourceVersionDate "2019.06.21"]
[SourceQuality "1"]

1. e4 c5 2. Nf3 d6 3. d4 cxd4 4. Nxd4 Nf6 5. Nc3 g6 6. Be3 Bg7 7. f3 O-O 8. Qd2
Nc6 9. O-O-O Nxd4 10. Bxd4 Be6 11. Kb1 Qc7 12. h4 Rfc8 13. h5 Qa5 14. a3 Rab8
15. hxg6 hxg6 16. g4 b5 17. g5 Nh5 18. Bxg7 Kxg7 19. Bh3 Rxc3 20. Bxe6 fxe6 21.
Qxc3+ Qxc3 22. bxc3 Rc8 23. Kb2 Rc5 24. Rdg1 e5 25. Rd1 Rc4 26. Rd2 Kf7 27. Ra1
Nf4 28. a4 bxa4 29. Rh2 Nh5 30. Rd1 Nf4 31. Rh8 Ke6 32. Ra8 Nh3 33. Rf8 Kd7 34.
Rd3 Nxg5 35. Rd5 Ne6 36. Ra8 Rc7 37. Ra5 Ng5 38. Rf8 Ne6 39. Rg8 Rb7+ 40. Kc1
Nc5 41. Rxc5 dxc5 42. Rxg6 Rb6 43. Rxb6 axb6 44. c4 Kc6 45. Kb2 b5 46. Ka3 Kb6
0-1

[Event "18. Obert Int. Sant Marti 2016"]
[Site "Barcelona ESP"]
[Date "2016.07.16"]
[Round "4.63"]
[White "Colome Rovira, Oscar"]
[Black "Snehal, Bhosale"]
[Result "0-1"]
[WhiteElo "1799"]
[BlackElo "2150"]
[PlyCount "58"]
[EventDate "2016.07.13"]
[EventType "swiss"]
[EventRounds "9"]
[EventCountry "ESP"]
[SourceTitle "Ajedrez en Madrid"]
[Source "lmi"]
[SourceDate "2016.07.13"]
[SourceVersion "1"]
[SourceVersionDate "2019.06.21"]
[SourceQuality "1"]

1. e4 e5 2. Nf3 Nc6 3. Bc4 Nf6 4. Ng5 d5 5. exd5 Na5 6. Bb5+ c6 7. dxc6 bxc6 8.
Be2 h6 9. Nf3 e4 10. Ne5 Bd6 11. d4 exd3 12. Nxd3 Qc7 13. Nc3 O-O 14. h3 Bf5
15. O-O Rad8 16. b3 Qc8 17. f4 c5 18. Bf3 c4 19. bxc4 Bc5+ 20. Kh2 Bd4 21. Bd2
Nxc4 22. g4 Bxd3 23. cxd3 Nxd2 24. Qxd2 Bxc3 25. Qg2 Bxa1 26. g5 hxg5 27. Rxa1
g4 28. hxg4 Qc3 29. Rh1 Rxd3 0-1

[Event "18. Obert Int. Sant Marti 2016"]
[Site "Barcelona ESP"]
[Date "2016.07.16"]
[Round "4.64"]
[White "Bernat, Ernest"]
[Black "Pistol, Mats-Erik"]
[Result "1-0"]
[WhiteElo "1942"]
[BlackElo "1810"]
[PlyCount "33"]
[EventDate "2016.07.13"]
[EventType "swiss"]
[EventRounds "9"]
[EventCountry "ESP"]
[SourceTitle "Ajedrez en Madrid"]
[Source "lmi"]
[SourceDate "2016.07.13"]
[SourceVersion "1"]
[SourceVersionDate "2019.06.21"]
[SourceQuality "1"]

1. e4 e5 2. Nf3 Nc6 3. Bb5 a6 4. Ba4 Nf6 5. O-O Be7 6. Re1 b5 7. Bb3 O-O 8. a4
Bb7 9. Nc3 b4 10. Nd5 d6 11. a5 Nb8 12. Nxe7+ Qxe7 13. d3 h6 14. Nh4 Kh7 15.
Nf5 Qd7 16. Qf3 Bc8 17. Nxh6 1-0

[Event "18. Obert Int. Sant Marti 2016"]
[Site "Barcelona ESP"]
[Date "2016.07.16"]
[Round "4.65"]
[White "Tateo, Ida"]
[Black "Tahay, Romain"]
[Result "0-1"]
[WhiteElo "1275"]
[BlackElo "1942"]
[PlyCount "70"]
[EventDate "2016.07.13"]
[EventType "swiss"]
[EventRounds "9"]
[EventCountry "ESP"]
[SourceTitle "Ajedrez en Madrid"]
[Source "lmi"]
[SourceDate "2016.07.13"]
[SourceVersion "1"]
[SourceVersionDate "2019.06.21"]
[SourceQuality "1"]

1. e4 c5 2. Nf3 Nc6 3. d4 cxd4 4. Nxd4 Nf6 5. Nc3 d6 6. Be3 Ng4 7. Bc1 Qb6 8.
Be2 Nxd4 9. Nd5 Qc5 10. Bd3 Ne5 11. Be3 Nxd3+ 12. cxd3 Nc2+ 13. Ke2 Nxe3 14.
Nxe3 e6 15. Rc1 Qb5 16. b3 Be7 17. Rc7 Bd8 18. Rc3 O-O 19. Qc2 Bf6 20. Rc7 Qe5
21. Nc4 Qh5+ 22. f3 d5 23. Nd6 Be5 24. Nxc8 Bxc7 25. Ne7+ Kh8 26. Qxc7 dxe4 27.
dxe4 Qb5+ 28. Kd2 Rad8+ 29. Ke3 Rd7 30. Qf4 Qd3+ 31. Kf2 Qc2+ 32. Kg3 Rxe7 33.
Rc1 Qxa2 34. Qd6 Ree8 35. Rd1 h6 0-1

[Event "18. Obert Int. Sant Marti 2016"]
[Site "Barcelona ESP"]
[Date "2016.07.17"]
[Round "5.1"]
[White "Gomez Garrido, Camilo Ernesto"]
[Black "Peralta, Fernando"]
[Result "0-1"]
[WhiteElo "2541"]
[BlackElo "2588"]
[PlyCount "132"]
[EventDate "2016.07.13"]
[EventType "swiss"]
[EventRounds "9"]
[EventCountry "ESP"]
[SourceTitle "Ajedrez en Madrid"]
[Source "lmi"]
[SourceDate "2016.07.13"]
[SourceVersion "1"]
[SourceVersionDate "2019.06.21"]
[SourceQuality "1"]

1. e4 c6 2. d4 d5 3. e5 Bf5 4. Nf3 e6 5. Be2 Ne7 6. O-O h6 7. Nbd2 Nd7 8. Nb3
g5 9. Bd2 a5 10. a4 Bg7 11. Re1 Qc7 12. Rc1 Ng6 13. h3 O-O 14. Be3 f6 15. exf6
Nxf6 16. Nh2 Rae8 17. Nc5 e5 18. c4 e4 19. Qb3 b6 20. Na6 Qb7 21. c5 Nd7 22.
cxb6 Nxb6 23. Nc5 Qa7 24. Qc3 Nf4 25. Bf1 Rb8 26. h4 Nd7 27. g4 Nxc5 28. Qxc5
Qxc5 29. Rxc5 Bd7 30. Rxa5 Rxb2 31. Ra7 Rf7 32. a5 Ne6 33. Rd1 Ra2 34. a6 Bc8
35. Ra8 Rf8 36. hxg5 hxg5 37. f3 exf3 38. Nxf3 Nc7 39. Ra7 Rxf3 40. Rxc7 Rg3+
41. Kh1 Bxg4 42. Rd2 Ra1 43. a7 Rxe3 44. Rb2 Rxf1+ 45. Kg2 Ra1 46. Rb8+ Kh7 47.
a8=Q Rxa8 48. Rxa8 Re6 49. Raa7 Rg6 50. Kg3 Bf5 51. Rf7 Bd3 52. Kg4 Be2+ 53.
Kg3 Kh6 54. Ra2 Re6 55. Rd2 Kg6 56. Rc7 Bb5 57. Kf3 Re4 58. Rc8 Bxd4 59. Rg8+
Kf5 60. Rf8+ Bf6 61. Rh2 g4+ 62. Kg3 Re3+ 63. Kg2 Re2+ 64. Kg3 Re3+ 65. Kg2
Re2+ 66. Kg3 Rxh2 0-1

[Event "18. Obert Int. Sant Marti 2016"]
[Site "Barcelona ESP"]
[Date "2016.07.17"]
[Round "5.2"]
[White "Herrera Reyes, Jose Antonio"]
[Black "Shyam, Sundar M."]
[Result "0-1"]
[WhiteElo "2253"]
[BlackElo "2526"]
[PlyCount "68"]
[EventDate "2016.07.13"]
[EventType "swiss"]
[EventRounds "9"]
[EventCountry "ESP"]
[SourceTitle "Ajedrez en Madrid"]
[Source "lmi"]
[SourceDate "2016.07.13"]
[SourceVersion "1"]
[SourceVersionDate "2019.06.21"]
[SourceQuality "1"]

1. e4 c5 2. c3 Nf6 3. e5 Nd5 4. d4 cxd4 5. Nf3 e6 6. cxd4 d6 7. Bc4 dxe5 8.
dxe5 Bb4+ 9. Bd2 Bxd2+ 10. Nbxd2 O-O 11. O-O Nb6 12. Bb3 Bd7 13. Qe2 Bc6 14.
Ne4 N8d7 15. Bc2 Qe7 16. Nfg5 h6 17. Qd3 Rfd8 18. Ng3 Nf8 19. Qe2 Qxg5 20. f4
Qh4 21. Rac1 Rd5 22. Rf3 Rd4 23. Qe3 Rad8 24. Ne2 Bxf3 25. Nxd4 Bd5 26. b3 Rc8
27. a4 Qd8 28. Rf1 Nbd7 29. Bd3 Nc5 30. Bc2 Ncd7 31. Bb1 a6 32. g4 Qa5 33. f5
Qc3 34. Qf4 Qb2 0-1

[Event "18. Obert Int. Sant Marti 2016"]
[Site "Barcelona ESP"]
[Date "2016.07.17"]
[Round "5.3"]
[White "Li, Di"]
[Black "Oliva Castaneda, Kevel"]
[Result "0-1"]
[WhiteElo "2426"]
[BlackElo "2493"]
[PlyCount "116"]
[EventDate "2016.07.13"]
[EventType "swiss"]
[EventRounds "9"]
[EventCountry "ESP"]
[SourceTitle "Ajedrez en Madrid"]
[Source "lmi"]
[SourceDate "2016.07.13"]
[SourceVersion "1"]
[SourceVersionDate "2019.06.21"]
[SourceQuality "1"]

1. d4 Nf6 2. Nf3 g6 3. c4 Bg7 4. Nc3 O-O 5. e4 d6 6. Be2 e5 7. O-O Nc6 8. dxe5
Nxe5 9. Nxe5 dxe5 10. Qa4 c6 11. Be3 Qc7 12. Rfd1 Bg4 13. f3 Be6 14. b4 Nd7 15.
Qa5 b6 16. Qa6 Rfc8 17. Rab1 Bf8 18. a3 Be7 19. Nd5 cxd5 20. cxd5 Nb8 21. Qd3
Rd8 22. Rbc1 Qb7 23. Qc3 Bc8 24. Qxe5 Bd6 25. Qf6 Qe7 26. Qxe7 Bxe7 27. e5 Bd7
28. Rc7 Rc8 29. Rxc8+ Bxc8 30. Rc1 Nd7 31. f4 Nf8 32. Bf3 Bd8 33. g4 Bb7 34.
Kf2 Rc8 35. f5 Rxc1 36. Bxc1 Nd7 37. Bb2 b5 38. e6 Nb6 39. d6 Bh4+ 40. Kg2
Bxf3+ 41. Kxf3 fxe6 42. fxe6 Nc4 43. Bd4 Nxd6 44. Bc5 Be7 45. Bxa7 Nc4 46. Ke4
Nxa3 47. Kd5 Kf8 48. Bc5 Nc2 49. Kc6 Nxb4+ 50. Kxb5 Bxc5 51. Kxc5 Nc2 52. Kd6
Ke8 53. e7 Ne3 54. h3 Ng2 55. Ke6 Nf4+ 56. Kf6 Nxh3 57. Kg7 Kxe7 58. Kxh7 g5
0-1

[Event "18. Obert Int. Sant Marti 2016"]
[Site "Barcelona ESP"]
[Date "2016.07.17"]
[Round "5.4"]
[White "Henriquez Villagra, Cristobal"]
[Black "Alvarez Pedraza, Aramis"]
[Result "1/2-1/2"]
[WhiteElo "2491"]
[BlackElo "2484"]
[PlyCount "144"]
[EventDate "2016.07.13"]
[EventType "swiss"]
[EventRounds "9"]
[EventCountry "ESP"]
[SourceTitle "Ajedrez en Madrid"]
[Source "lmi"]
[SourceDate "2016.07.13"]
[SourceVersion "1"]
[SourceVersionDate "2019.06.21"]
[SourceQuality "1"]

1. e4 e6 2. d4 d5 3. Nc3 Bb4 4. e5 c5 5. a3 Bxc3+ 6. bxc3 Qa5 7. Bd2 Qa4 8. Qb1
c4 9. h4 Nc6 10. h5 Bd7 11. h6 gxh6 12. Ne2 f6 13. f4 O-O-O 14. g4 Be8 15. Ng3
fxe5 16. fxe5 Bg6 17. Ra2 Rf8 18. Be2 b6 19. Qc1 Rf7 20. Be3 Kd7 21. Qb2 b5 22.
Kd2 a6 23. Raa1 Rf8 24. Raf1 Rxf1 25. Rxf1 Nge7 26. Bxh6 a5 27. Bf8 Rg8 28. Bd1
Ke8 29. Bh6 Kd7 30. Ne2 Rb8 31. Rf8 Nc8 32. Nf4 b4 33. axb4 axb4 34. cxb4 Rxb4
35. Qc3 Rb1 36. Rf6 Qa1 37. Qxa1 Rxa1 38. Nxe6 c3+ 39. Ke2 N8e7 40. Nf8+ Ke8
41. Be3 Be4 42. Ne6 Ra2 43. Rf8+ Kd7 44. Nc5+ Kc7 45. Nxe4 dxe4 46. Rf7 Kd8 47.
Rxh7 Ra4 48. Kf2 Nxd4 49. Bg5 Ndc6 50. Be2 Ra5 51. Bf6 Ra2 52. Bb5 Rxc2+ 53.
Kg3 Kc8 54. Bxe7 Nxe7 55. Rxe7 Rb2 56. Ba6+ Kd8 57. Rh7 c2 58. Rh8+ Kd7 59. Rc8
Rb6 60. Rxc2 Rxa6 61. Re2 Ke6 62. Rxe4 Ra8 63. Re1 Rg8 64. Kf4 Rf8+ 65. Ke4 Rg8
66. Rg1 Rg5 67. Kf4 Rxe5 68. g5 Ra5 69. Kg4 Kf7 70. Rb1 Ra7 71. Rb6 Kg7 72. Kh5
Rc7 1/2-1/2